| 000 | 00736nam a2200253 i 4500 | ||
|---|---|---|---|
| 001 | C2-0168097 | ||
| 003 | PPAK | ||
| 005 | 20180727133915.0 | ||
| 008 | 980714s1986 nyua|||| ||||| | eng d | ||
| 020 | _a0823073424 | ||
| 040 |
_aPPAK _beng _cPPAK _erda |
||
| 082 | 0 | 4 |
_a747 _223 |
| 090 | 0 | 0 |
_a747 _bCOW _dR |
| 100 | 1 |
_aCowan, Thomas, _eauthor |
|
| 245 | 1 | 0 |
_aLiving details : _bmore than 500 ways to make a house or apartment a home |
| 264 | 1 |
_aNew York : _bWatson-Guptill Publications , _c1986 |
|
| 300 |
_a160 pages : _billustrations |
||
| 336 |
_2rdacontent _atext |
||
| 337 |
_2rdamedia _aunmediated |
||
| 338 |
_2rdacarrier _avolume |
||
| 650 | 1 | 0 | _aInterior decoration. |
| 700 | 1 |
_aOlson, Karla, _eeditor |
|
| 942 |
_ddc _cB |
||
| 999 |
_c49839 _d49839 |
||